000 00745nam a22002297a 4500
003 UA-OsUOA
001 87474
007 ta
008 20120919b un ||||| |||| 00| 0 ukr d
100 _aКириленко О.П.
700 _aКозак Г.І.
090 _a330(477)
_bК43
942 _cSA
040 _aUA-OsUOA
_bukr
_cUA-OsUOA
_dUA-OsUOA
245 _aЗахист пенсійних накопичень у контексті інвестиційної діяльності недержавних пенсійних фондів
300 _aС.38-50
955 _a0
041 _aukr
080 _a330(477)
773 0 _w87470
_tФінанси України
_dК.
_d2012
_g2
650 7 _a330 Економіка взагалі
_2UDC
999 _c373800
_d373800